|
|
|
|
| LEADER |
01988nam a2200553 a 4500 |
| 001 |
nkc20112236374 |
| 003 |
CZ PrNK |
| 005 |
20111111092948.0 |
| 007 |
ta |
| 008 |
111014s2011 xr abc e 001 0dcze |
| 015 |
|
|
|a cnb002236374
|
| 020 |
|
|
|a 978-80-7422-102-6
|q (váz.) :
|c Kč 269,00
|
| 035 |
|
|
|a (OCoLC)768559009
|
| 040 |
|
|
|a ABA001
|b cze
|d OLA001
|d BOA001
|
| 041 |
1 |
|
|a cze
|h mon
|
| 043 |
|
|
|a a-mp---
|
| 045 |
|
|
|a p6q2
|
| 072 |
|
7 |
|a 94(510/519)
|x Dějiny Číny, Mongolska a Koreje
|2 Konspekt
|9 8
|
| 080 |
|
|
|a 929.731
|2 MRF
|
| 080 |
|
|
|a 94(=512.3)
|2 MRF
|
| 080 |
|
|
|a 94(517.3)
|2 MRF
|
| 080 |
|
|
|a (093.3)
|2 MRF
|
| 130 |
0 |
|
|a Mongghol-un nighuča tobčijan.
|l Česky
|7 unn2011668110
|
| 245 |
1 |
0 |
|a Tajná kronika Mongolů /
|c přeložil Pavel Poucha
|
| 250 |
|
|
|a Vyd. 2., V NLN 1.
|
| 260 |
|
|
|a Praha :
|b NLN, Nakladatelství Lidové noviny,
|c 2011
|
| 300 |
|
|
|a 228 s. :
|b il., portréty, 1 mapa ;
|c 21 cm
|
| 490 |
1 |
|
|a Mythologie
|
| 500 |
|
|
|a Přeloženo z mongolštiny
|
| 504 |
|
|
|a Obsahuje bibliografii a rejstřík
|
| 600 |
0 |
7 |
|a Čingischán,
|d asi 1161-1227
|7 jn20010525146
|2 czenas
|
| 600 |
0 |
9 |
|a Genghis Khan,
|d 1162-1227
|2 eczenas
|
| 648 |
|
7 |
|a 12.-13. století
|7 ch757064
|2 czenas
|
| 650 |
0 |
7 |
|a panovníci
|7 ph117250
|z Mongolsko
|y 13. stol.
|2 czenas
|
| 650 |
0 |
7 |
|a Mongolové
|7 ph117892
|x dějiny
|2 czenas
|
| 650 |
0 |
9 |
|a kings and rulers
|z Mongolia
|y 13th century
|2 eczenas
|
| 650 |
0 |
9 |
|a Mongols
|x history
|2 eczenas
|
| 655 |
|
7 |
|a kroniky
|7 fd132684
|2 czenas
|
| 655 |
|
9 |
|a chronicles
|2 eczenas
|
| 651 |
|
7 |
|a Mongolsko
|7 ge130064
|x dějiny
|y 12.-13. stol.
|2 czenas
|
| 651 |
|
9 |
|a Mongolia
|x history
|y 12th-13th centuries
|2 eczenas
|
| 700 |
1 |
|
|a Poucha, Pavel,
|d 1905-1986
|7 jk01100816
|4 trl
|4 waw
|
| 830 |
|
0 |
|a Mythologie
|0 s
|
| 910 |
2 |
|
|a BOA001
|b 2-1273.508
|
| 928 |
9 |
|
|a Nakladatelství Lidové noviny
|
| 990 |
|
|
|a BK
|
| 995 |
|
|
|a 01
|
| 991 |
|
|
|b 201111
|c NOV
|e n
|
| 996 |
6 |
|
|b 2610491358
|c 2-1273.508
|l MZK
|r Sklad / do 1 hodiny
|n 11
|p p.v.
|w 001208411
|u 000010
|a 1
|e BOA001
|j MZK50
|s P
|